000
00306nam a2200145Ia 4500
100
_a
Aitken Peter/ Jarol Scott
250
_a
2
942
_c
BK
654
_a
Computer
245
_a
Visuals C++ Multimedia
260
_b
ComDex
_c
1995
082
_a
005.133'C++
_b
ait
300
_a
512
546
_a
ENGLISH
999
_c
21985
_d
21985